Statistiques concernant Top 15 des pays avec les décès de Covid-19 - 3 septembre

Cliquez ici pour prendre le quiz!

Statistiques générales

  • Ce quiz a été pris 11 fois
  • Le résultat moyen est 12 sur 19

Statistiques - réponses

pays% Correct
Etats-Unis
100%
France
100%
Espagne
91%
Royaume-Uni
91%
Inde
82%
Italie
82%
Mexique
82%
Brésil
73%
Belgique
55%
Iran
55%
Chili
45%
Colombie
45%
Pérou
45%
Russie
45%
Suède
45%
Afrique du Sud
36%
Bolivie
27%
Équateur
27%
Panama
27%

Distribution des résultats

Percentile par nombre de réponses

% des personnes avec chaque résultat

Votre développement - résultats

Vous n’avez pas pris ce quiz